[Event "41st Pan-American U20"]
[Site "Guatape COL"]
[Date "2016.06.20"]
[Round "1.2"]
[White "Gonzalez Lopez, Nicolas Mateo"]
[Black "Albornoz Cabrera, Carlos Danie"]
[Result "0-1"]
[WhiteElo "2100"]
[BlackElo "2471"]
[EventDate "2016.06.20"]
[PlyCount "88"]

1.e4 c5 2.Nf3 d6 3.d4 cxd4 4.Nxd4 Nf6 5.Nc3 a6 6.h3 e6 7.g4 d5 8.exd5 Nxd5
9.Bd2 b5 10.Bg2 Bb7 11.O-O Be7 12.Nxd5 Bxd5 13.Bxd5 Qxd5 14.Qf3 Qxf3 15.
Nxf3 Nc6 16.Rfd1 O-O-O 17.Kf1 e5 18.Ke2 e4 19.Ne1 Nd4+ 20.Kf1 h5 21.Be3 
Ne6 22.Ng2 hxg4 23.hxg4 g5 24.Ke2 Rh2 25.Rxd8+ Bxd8 26.Rg1 Bc7 27.f3 Nf4+ 
28.Kf1 Nh3 29.fxe4 Nxg1 30.Kxg1 Rh6 31.Bxg5 Rg6 32.Be3 Rxg4 33.Kf2 Rxe4 
34.Kf3 f5 35.Ne1 Bb6 36.Ng2 Bc7 37.Ne1 Rh4 38.Nd3 Rh3+ 39.Ke2 Rh2+ 40.Kd1 
Bg3 41.a4 bxa4 42.Nc5 f4 43.Bd4 f3 44.Ne4 Rh4 0-1

[Event "41st Pan-American U20"]
[Site "Guatape COL"]
[Date "2016.06.20"]
[Round "1.3"]
[White "Vasquez, Guillermo"]
[Black "Rosero, Jefferson"]
[Result "1-0"]
[WhiteElo "2401"]
[BlackElo "2090"]
[EventDate "2016.06.20"]
[PlyCount "59"]

1.e4 c5 2.Nf3 d6 3.d4 cxd4 4.Qxd4 Nf6 5.Bb5+ Bd7 6.c4 a6 7.Bxd7+ Nfxd7 8.
O-O Nc6 9.Qe3 g6 10.Nc3 Bg7 11.Bd2 Rc8 12.Rac1 O-O 13.b3 Re8 14.Rfd1 h6 
15.h3 Nde5 16.Ne1 e6 17.Qg3 g5 18.Be3 Qe7 19.Nf3 Rcd8 20.Nd4 Ng6 21.Rc2 
Be5 22.Qg4 Qf6 23.Rcd2 Kg7 24.Nce2 Nxd4 25.Nxd4 Kh7 26.Nf3 Nf4 27.h4 gxh4 
28.Qxh4 Ng6 29.Qxh6+ Kg8 30.Bg5 1-0

[Event "41st Pan-American U20"]
[Site "Guatape COL"]
[Date "2016.06.20"]
[Round "1.4"]
[White "Heinechen, Juan"]
[Black "Ruiz Castillo, Joshua Daniel"]
[Result "1-0"]
[WhiteElo "2080"]
[BlackElo "2399"]
[EventDate "2016.06.20"]
[PlyCount "69"]

1.e4 c5 2.Nf3 d6 3.d4 cxd4 4.Nxd4 Nf6 5.Nc3 a6 6.h3 e5 7.Nb3 h5 8.Be3 Be6 
9.Qf3 Nbd7 10.O-O-O Bg4 11.hxg4 hxg4 12.Qxf6 Nxf6 13.Rxh8 Qd7 14.Bb6 Qc6 
15.Rxd6 Qxd6 16.Bc5 Qc6 17.Rxf8+ Kd7 18.Rxa8 Nxe4 19.Nxe4 Qxe4 20.Be3 Ke7 
21.Nc5 Qh7 22.Bd3 Qh1+ 23.Kd2 g6 24.g3 f5 25.Ra7 f4 26.gxf4 g3 27.Rxb7+ 
Kf8 28.fxg3 Qg2+ 29.Be2 Qd5+ 30.Kc3 exf4 31.gxf4 Qxa2 32.Nd7+ Ke7 33.Ne5+ 
Ke8 34.Bc5 Qa5+ 35.Bb4 1-0

[Event "41st Pan-American U20"]
[Site "Guatape COL"]
[Date "2016.06.20"]
[Round "1.5"]
[White "Gomez Sanchez, Jorge Marcos"]
[Black "Posada, Juan Manuel"]
[Result "1-0"]
[WhiteElo "2398"]
[BlackElo "2041"]
[EventDate "2016.06.20"]
[PlyCount "77"]

1.Nf3 d6 2.d4 Nf6 3.Nc3 Nbd7 4.e4 e5 5.Bc4 Be7 6.h3 c6 7.a4 O-O 8.O-O h6 
9.Be3 Re8 10.dxe5 dxe5 11.Qe2 Qc7 12.Nh4 Nf8 13.Nf5 Be6 14.Nxe7+ Qxe7 15.
Bd3 Ng6 16.Qf3 Kh8 17.Be2 b6 18.a5 b5 19.Rab1 b4 20.Na4 Nh4 21.Qg3 Nxe4 
22.Qxe5 Bd5 23.Qxe7 Rxe7 24.Rfd1 Rae8 25.Bf1 Nf5 26.Bd4 Nfd6 27.Nc5 Nc4 
28.Nxe4 Rxe4 29.a6 R8e7 30.Bc5 Rc7 31.Bd3 Re8 32.Bxb4 Rb8 33.Bc3 f6 34.b3 
Nd6 35.Ba5 Re7 36.Re1 Rbe8 37.Rxe7 Rxe7 38.Bb4 Rd7 39.Re1 1-0

[Event "41st Pan-American U20"]
[Site "Guatape COL"]
[Date "2016.06.20"]
[Round "1.6"]
[White "Salcedo, Pablo Esteban"]
[Black "Ostrovskiy, Aleksandr A"]
[Result "1-0"]
[WhiteElo "2035"]
[BlackElo "2390"]
[EventDate "2016.06.20"]
[PlyCount "129"]

1.d4 d5 2.c4 dxc4 3.Nc3 a6 4.e3 b5 5.a4 b4 6.Na2 e6 7.Bxc4 Nf6 8.Bd2 Bb7 
9.Nf3 a5 10.Nc1 Nbd7 11.Nb3 Bd6 12.O-O O-O 13.Qe2 Qe7 14.Rfd1 Ne4 15.Be1 
f5 16.Rac1 Rf6 17.Ne5 Rh6 18.f4 Nb6 19.Bb5 Bxe5 20.dxe5 c5 21.Bd3 c4 22.
Bxc4 g5 23.Nd4 Kh8 24.Bb5 Nd5 25.Bc6 gxf4 26.Nxf5 exf5 27.Bxd5 Bxd5 28.
Rxd5 fxe3 29.Qxe3 Rg6 30.Rcd1 Rag8 31.g3 Ng5 32.Rd7 Qe6 33.R1d6 Qc4 34.
Rxg6 Rxg6 35.Rd8+ Kg7 36.Qa7+ Nf7 37.Qe7 Kh6 38.Bd2+ Kh5 39.Rd7 Rg7 40.b3 
Qg4 41.Qf6 Ng5 42.Bxg5 Qxg5 43.Qxg7 Qe3+ 44.Kf1 Qf3+ 45.Ke1 Qe3+ 46.Kd1 
Qxb3+ 47.Ke2 Qc4+ 48.Rd3 Qe4+ 49.Re3 Qg2+ 50.Kd3 Qd5+ 51.Kc2 Qg2+ 52.Kd1 
Qd5+ 53.Ke1 Qh1+ 54.Kf2 Qxh2+ 55.Kf3 Qh1+ 56.Kf4 Qf1+ 57.Rf3 Qc1+ 58.Kxf5 
Qc2+ 59.Kf4 Qc4+ 60.Ke3 Qc5+ 61.Ke2 Qc4+ 62.Kf2 Qc2+ 63.Kg1 Qc1+ 64.Kg2 
Qc2+ 65.Rf2 1-0

[Event "41st Pan-American U20"]
[Site "Guatape COL"]
[Date "2016.06.20"]
[Round "1.7"]
[White "Acosta, Pablo Ismael"]
[Black "Olarte Parra, Jhoan Sebastian"]
[Result "1-0"]
[WhiteElo "2380"]
[BlackElo "2001"]
[EventDate "2016.06.20"]
[PlyCount "75"]

1.Nf3 g6 2.g3 Bg7 3.Bg2 Nf6 4.O-O O-O 5.c4 d6 6.Nc3 Nbd7 7.d4 Re8 8.Bg5 h6
9.Bf4 Nh5 10.Be3 Nf8 11.Qc1 Kh7 12.Rd1 Bd7 13.h3 f5 14.d5 Qc8 15.Kh2 e5 
16.dxe6 Nxe6 17.Nd5 c6 18.Nc3 Qc7 19.Qd2 Bf8 20.Rac1 Nf6 21.b4 a5 22.Nd5 
cxd5 23.cxd5 Nc5 24.bxc5 Ne4 25.cxd6 Qxd6 26.Qb2 Bg7 27.Qxb7 Rab8 28.Qa7 
Ba4 29.Rc7 Qxc7 30.Qxc7 Rec8 31.Qa7 Ra8 32.Qb6 Bxd1 33.Nh4 Nf6 34.d6 Rab8 
35.Qa7 Ba4 36.Bd4 Nd7 37.Bxg7 Kxg7 38.Qd4+ 1-0

[Event "41st Pan-American U20"]
[Site "Guatape COL"]
[Date "2016.06.20"]
[Round "1.8"]
[White "Obando Guzman, Soren Federico"]
[Black "Viswanadha, Kesav"]
[Result "0-1"]
[WhiteElo "1992"]
[BlackElo "2377"]
[EventDate "2016.06.20"]
[PlyCount "50"]

1.d4 Nf6 2.c4 e6 3.Nf3 b6 4.a3 Bb7 5.Nc3 d5 6.Qc2 Be7 7.Bg5 O-O 8.Rd1 Nbd7
9.e3 c5 10.Be2 cxd4 11.exd4 dxc4 12.O-O Rc8 13.Ne5 Nxe5 14.dxe5 Nd5 15.Bf4
Qc7 16.Bg3 Nxc3 17.Qxc3 b5 18.f4 Rfd8 19.f5 exf5 20.Rxf5 Qc6 21.Rxd8+ Rxd8
22.Bf1 Rd1 23.Qc2 Qd5 24.e6 Bc5+ 25.Kh1 fxe6 0-1

[Event "41st Pan-American U20"]
[Site "Guatape COL"]
[Date "2016.06.20"]
[Round "1.9"]
[White "Ampie, Mauro"]
[Black "Soto, Miguel Angel"]
[Result "1-0"]
[WhiteElo "2373"]
[BlackElo "1972"]
[EventDate "2016.06.20"]
[PlyCount "89"]

1.e4 c5 2.Nc3 Nc6 3.f4 g6 4.Nf3 Bg7 5.Bb5 Nd4 6.O-O Nxb5 7.Nxb5 a6 8.Nc3 
d6 9.d3 e6 10.Be3 Ne7 11.d4 Qc7 12.a4 b6 13.Qd2 Bb7 14.Rad1 O-O 15.dxc5 
dxc5 16.Qd7 Rac8 17.Ne5 Nc6 18.Qxc7 Rxc7 19.Nd7 Bd4 20.Bxd4 Rxd7 21.Bf6 
Rxd1 22.Rxd1 Nb4 23.Rd2 Bc6 24.g4 Rc8 25.Kf2 Be8 26.g5 Rc7 27.Rd8 Kf8 28.
e5 Rd7 29.Ra8 Rd4 30.Kg3 Nxc2 31.Bd8 Rd3+ 32.Kf2 Rd2+ 33.Kf1 Ne3+ 34.Ke1 
Rxb2 35.Ne4 Ng2+ 36.Kd1 Ne3+ 37.Ke1 Ng2+ 38.Kd1 Ne3+ 39.Kc1 Rc2+ 40.Kb1 
Re2 41.Nf6 Nd5 42.Be7+ Nxe7 43.Rxe8+ Kg7 44.Rxe7 Kf8 45.Re8+ 1-0

[Event "41st Pan-American U20"]
[Site "Guatape COL"]
[Date "2016.06.20"]
[Round "1.10"]
[White "Yepez, Yeison Alexander"]
[Black "Cuellar, Diego"]
[Result "0-1"]
[WhiteElo "1968"]
[BlackElo "2357"]
[EventDate "2016.06.20"]
[PlyCount "50"]

1.d4 d5 2.c4 c6 3.Nc3 Nf6 4.Nf3 e6 5.Bg5 dxc4 6.e4 b5 7.e5 h6 8.Bh4 g5 9.
Nxg5 hxg5 10.Bxg5 Nbd7 11.exf6 Bb7 12.g3 c5 13.d5 Nb6 14.Bg2 b4 15.Ne2 
Bxd5 16.O-O Qd7 17.Qc1 Bxg2 18.Kxg2 O-O-O 19.a3 Kb7 20.h4 Qc6+ 21.Kh2 Rd3 
22.Nf4 Rf3 23.Ng2 Bd6 24.Ne3 Qe4 25.Qb1 Rxe3 0-1

[Event "41st Pan-American U20"]
[Site "Guatape COL"]
[Date "2016.06.20"]
[Round "1.14"]
[White "Perez Lujan, Mateo"]
[Black "Barros Rivadeneira, Cristhian"]
[Result "0-1"]
[WhiteElo "1851"]
[BlackElo "2283"]
[EventDate "2016.06.20"]
[PlyCount "56"]

1.e4 c5 2.Nf3 d6 3.Bb5+ Nd7 4.c4 a6 5.Ba4 Nf6 6.Nc3 g6 7.O-O Bg7 8.d3 O-O 
9.h3 Rb8 10.Be3 e5 11.Qd2 Nh5 12.g4 Nf4 13.Bxf4 exf4 14.Qxf4 Ne5 15.Nxe5 
Bxe5 16.Qh6 b5 17.cxb5 axb5 18.Bb3 c4 19.dxc4 bxc4 20.Bxc4 Rxb2 21.Nd5 Bg7
22.Qe3 h5 23.gxh5 Qh4 24.Nf4 g5 25.Ng6 Qxh5 26.Nxf8 Bxh3 27.e5 Bxe5 28.Ng6
Qg4+ 0-1

[Event "41st Pan-American U20"]
[Site "Guatape COL"]
[Date "2016.06.20"]
[Round "1.16"]
[White "Acevedo Del Rio, Andres F"]
[Black "Blandon, Luis Guillermo"]
[Result "0-1"]
[WhiteElo "1835"]
[BlackElo "2260"]
[EventDate "2016.06.20"]
[PlyCount "39"]

1.e4 c5 2.Nf3 d6 3.Bb5+ Bd7 4.Bxd7+ Qxd7 5.O-O Nf6 6.Re1 Nc6 7.d4 cxd4 8.
Nxd4 g6 9.Nc3 Bg7 10.Nxc6 bxc6 11.Qe2 O-O 12.Be3 Rab8 13.e5 dxe5 14.Rad1 
Qc7 15.Bc1 Rfd8 16.f4 exf4 17.Qxe7 Qb6+ 18.Kh1 Re8 19.Qd6 Ng4 20.Na4 0-1

[Event "41st Pan-American U20"]
[Site "Guatape COL"]
[Date "2016.06.20"]
[Round "1.18"]
[White "Echeverry, Jose Miguel"]
[Black "Husbands, Orlando"]
[Result "0-1"]
[WhiteElo "1807"]
[BlackElo "2233"]
[EventDate "2016.06.20"]
[PlyCount "40"]

1.e4 c5 2.Nf3 d6 3.d4 cxd4 4.Nxd4 Nf6 5.Nc3 a6 6.Bg5 e6 7.Qe2 Be7 8.f4 h6 
9.Bxf6 Bxf6 10.O-O-O Qc7 11.f5 Nc6 12.Nxc6 bxc6 13.Qc4 Rb8 14.b3 O-O 15.
fxe6 Bxe6 16.Nd5 Bg5+ 17.Kb1 Qd7 18.Qxa6 cxd5 19.exd5 Bg4 20.Re1 Bf6 0-1

[Event "41st Pan-American U20"]
[Site "Guatape COL"]
[Date "2016.06.20"]
[Round "1.19"]
[White "Squella Lavin, Carlos Felipe"]
[Black "Benjumea Rave, Jaime Stiden"]
[Result "1-0"]
[WhiteElo "2221"]
[BlackElo "1775"]
[EventDate "2016.06.20"]
[PlyCount "39"]

1.d4 d5 2.c4 c6 3.Nc3 Nf6 4.Bf4 e6 5.c5 Nbd7 6.e3 Be7 7.Bd3 O-O 8.h3 Re8 
9.b4 Nf8 10.Nf3 Ng6 11.Bg3 Nd7 12.h4 Bf6 13.h5 Ngf8 14.Ne5 Bxe5 15.dxe5 
Qg5 16.Bf4 Qxg2 17.Rh2 Qg1+ 18.Bf1 f6 19.Rg2 Qh1 20.Qg4 1-0

[Event "41st Pan-American U20"]
[Site "Guatape COL"]
[Date "2016.06.20"]
[Round "1.22"]
[White "Correa, Daniel"]
[Black "Cofre Archibold, Nestor"]
[Result "0-1"]
[WhiteElo "1716"]
[BlackElo "2215"]
[EventDate "2016.06.20"]
[PlyCount "47"]

1.d4 Nf6 2.c4 c5 3.d5 e6 4.Nc3 exd5 5.cxd5 d6 6.e4 g6 7.Bd3 Bg7 8.Nge2 O-O
9.f3 Nbd7 10.b3 a6 11.a4 Rb8 12.Rb1 Ne8 13.O-O Ne5 14.Bc4 Bd7 15.f4 Nxc4 
16.bxc4 f5 17.Be3 Nf6 18.e5 dxe5 19.fxe5 Ng4 20.Bxc5 Bxe5 21.Bxf8 Bxh2+ 
22.Kh1 Bg3 23.Qd3 Qh4+ 24.Kg1 0-1

[Event "41st Pan-American U20"]
[Site "Guatape COL"]
[Date "2016.06.20"]
[Round "1.23"]
[White "Tapia, Alexei"]
[Black "Castano Orrego, Simon"]
[Result "1-0"]
[WhiteElo "2204"]
[BlackElo "1687"]
[EventDate "2016.06.20"]
[PlyCount "74"]

1.Nf3 Nf6 2.g3 g6 3.b3 d6 4.d4 Bg7 5.Bb2 O-O 6.Bg2 Nbd7 7.c4 c5 8.e3 Rb8 
9.Nc3 a6 10.a4 b6 11.O-O Bb7 12.Qc2 Ne8 13.Rad1 f5 14.d5 Ne5 15.Nxe5 dxe5 
16.e4 Nd6 17.f4 exf4 18.gxf4 fxe4 19.Nxe4 Nxe4 20.Bxg7 Kxg7 21.Qxe4 Rf7 
22.Qe5+ Kg8 23.Bh3 Rf6 24.Rde1 Kf8 25.Re3 Qd6 26.Qg5 Bc8 27.f5 gxf5 28.
Bxf5 h6 29.Qg4 Bxf5 30.Rxf5 Kf7 31.Re6 Qd8 32.Rfxf6+ exf6 33.Qh5+ Kg7 34.
d6 Rb7 35.Re8 Qd7 36.Re7+ Qxe7 37.dxe7 Rxe7 1-0

[Event "41st Pan-American U20"]
[Site "Guatape COL"]
[Date "2016.06.20"]
[Round "1.24"]
[White "Norena Marin, Jeronimo"]
[Black "Nieto Rodriguez, Alejandro"]
[Result "0-1"]
[WhiteElo "1514"]
[BlackElo "2203"]
[EventDate "2016.06.20"]
[PlyCount "62"]

1.e4 d5 2.exd5 Qxd5 3.Nc3 Qd6 4.Nf3 Nf6 5.Be2 g6 6.O-O Bg7 7.d3 O-O 8.Be3 
Ng4 9.Bd2 e5 10.h3 Nf6 11.Be3 Nc6 12.d4 exd4 13.Bxd4 Nxd4 14.Nxd4 c6 15.
Nf3 Qb4 16.a3 Qa5 17.b4 Qc7 18.b5 Rd8 19.Qb1 Be6 20.bxc6 Qxc6 21.Nb5 Ne4 
22.Nbd4 Bxd4 23.Nxd4 Rxd4 24.Qb2 Rad8 25.Bf3 Qc7 26.Bxe4 Rxe4 27.Qf6 Red4 
28.Qf3 b6 29.c3 Rd3 30.Qf6 Qxc3 31.Qxc3 Rxc3 0-1

[Event "41st Pan-American U20"]
[Site "Guatape COL"]
[Date "2016.06.20"]
[Round "1.25"]
[White "Noboa, Kevin"]
[Black "Lopez Gonzalez, Carlos Andres"]
[Result "1-0"]
[WhiteElo "2201"]
[BlackElo "1482"]
[EventDate "2016.06.20"]
[PlyCount "45"]

1.e4 c5 2.Nf3 d6 3.Bc4 Nf6 4.d3 e6 5.Bb3 Be7 6.O-O O-O 7.Re1 Nc6 8.c3 b6 
9.d4 cxd4 10.cxd4 Bb7 11.Nc3 Rc8 12.h3 a6 13.Qe2 Re8 14.Bf4 Qc7 15.Rac1 
Qd8 16.Red1 b5 17.e5 Nd5 18.Nxd5 exd5 19.Bxd5 Bf6 20.Qf1 g5 21.exf6 gxf4 
22.Ng5 Rf8 23.Qd3 1-0

[Event "41st Pan-American U20"]
[Site "Guatape COL"]
[Date "2016.06.21"]
[Round "2.2"]
[White "Albornoz Cabrera, Carlos Danie"]
[Black "Squella Lavin, Carlos Felipe"]
[Result "1-0"]
[WhiteElo "2471"]
[BlackElo "2221"]
[EventDate "2016.06.20"]
[PlyCount "83"]

1.Nf3 Nf6 2.c4 c6 3.Nc3 d5 4.d4 e6 5.Bg5 Nbd7 6.e3 Qa5 7.cxd5 exd5 8.Bd3 
Bb4 9.Qc2 O-O 10.O-O Re8 11.Nd2 Bd6 12.Rfc1 Qc7 13.Nf3 a6 14.Rab1 h6 15.
Bh4 g5 16.Bg3 Bxg3 17.hxg3 b5 18.e4 dxe4 19.Nxe4 Nxe4 20.Bxe4 Bb7 21.Bh7+ 
Kg7 22.Bf5 Rad8 23.b4 Nb6 24.Bd3 Rd6 25.Qd2 Bc8 26.Rc5 Na4 27.Re5 Rxe5 28.
dxe5 Rd8 29.Qe3 c5 30.Qe4 Rh8 31.Rc1 Qe7 32.bxc5 Be6 33.Nd4 Nxc5 34.Rxc5 
Qxc5 35.Nxe6+ fxe6 36.Qg6+ Kf8 37.Qf6+ Kg8 38.Qxe6+ Kf8 39.Qf6+ Kg8 40.e6 
Qf8 41.Qg6+ Qg7 42.e7 1-0

[Event "41st Pan-American U20"]
[Site "Guatape COL"]
[Date "2016.06.21"]
[Round "2.3"]
[White "Husbands, Orlando"]
[Black "Vasquez, Guillermo"]
[Result "0-1"]
[WhiteElo "2233"]
[BlackElo "2401"]
[EventDate "2016.06.20"]
[PlyCount "114"]

1.e4 c6 2.Nc3 d5 3.Nf3 a6 4.d4 Bg4 5.h3 Bh5 6.exd5 cxd5 7.g4 Bg6 8.Ne5 e6 
9.h4 f6 10.Nxg6 hxg6 11.Qd3 g5 12.h5 Nc6 13.Be3 Bd6 14.Bg2 Qc7 15.a3 Nge7 
16.b4 Kf7 17.Rh3 Rac8 18.Na2 Na7 19.c3 Nb5 20.Bc1 Bf4 21.a4 Nd6 22.Bxf4 
gxf4 23.Nc1 a5 24.bxa5 Qxa5 25.Nb3 Qc7 26.Qe2 Qc4 27.Nc5 Qxe2+ 28.Kxe2 b6 
29.Nd3 g5 30.hxg6+ Nxg6 31.Rxh8 Rxh8 32.Rb1 Nc4 33.Rb4 Rc8 34.Kd1 Ke7 35.
Kc2 Rc6 36.Rb3 Kd6 37.Nb4 Rc7 38.Bf1 Na5 39.Rb1 e5 40.Na6 Rb7 41.dxe5+ 
fxe5 42.Rb5 Ne7 43.Nb4 Nac6 44.Nxc6 Nxc6 45.Rb1 e4 46.Bb5 Ne5 47.Rg1 Rg7 
48.g5 Kc5 49.Be8 Nf3 50.Rg4 Rxg5 51.Rxf4 Rg2 52.Rf6 Rxf2+ 53.Kc1 Kc4 54.
Rc6+ Kd3 55.Rxb6 Ne5 56.Rb5 Kxc3 57.Kd1 Nd3 0-1

[Event "41st Pan-American U20"]
[Site "Guatape COL"]
[Date "2016.06.21"]
[Round "2.4"]
[White "Jimenez Garcia, Emmanuel"]
[Black "Gomez Sanchez, Jorge Marcos"]
[Result "1/2-1/2"]
[WhiteElo "2218"]
[BlackElo "2398"]
[EventDate "2016.06.20"]
[PlyCount "119"]

1.c4 e5 2.g3 Nc6 3.Bg2 g6 4.Nc3 Bg7 5.e3 d6 6.Nge2 h5 7.h4 Bg4 8.a3 a5 9.
b3 Nh6 10.Bb2 O-O 11.d3 Rb8 12.Qd2 Re8 13.f3 Be6 14.e4 f5 15.O-O-O Na7 16.
Qe3 b6 17.Rhe1 c6 18.d4 Qc7 19.d5 cxd5 20.cxd5 Bd7 21.Kb1 b5 22.Rc1 Qb7 
23.exf5 Nxf5 24.Qg5 Kh7 25.Ne4 Rf8 26.Qd2 Qb6 27.Bh3 Rb7 28.f4 a4 29.b4 
Bh6 30.Qd3 Ne3 31.Bxd7 Rxd7 32.Ng5+ Bxg5 33.hxg5 Nc4 34.Ba1 Nc8 35.g4 e4 
36.Qc3 Qe3 37.gxh5 Nxa3+ 38.Ka2 Nc4 39.hxg6+ Kxg6 40.f5+ Rxf5 41.Qxe3 Nxe3
42.Rxc8 Nxd5 43.Rg8+ Kf7 44.Rg7+ Ke8 45.Rg8+ Kf7 46.Rg7+ Ke8 47.Rxd7 Nxb4+
48.Kb1 Kxd7 49.g6 Rg5 50.g7 Nd5 51.Rg1 Rxg1+ 52.Nxg1 Ne7 53.Ne2 Ke8 54.Nc3
Kf7 55.Nxe4 Nf5 56.Ng5+ Kg8 57.Ne6 b4 58.Kc2 d5 59.Kd3 b3 60.Bb2 1/2-1/2

[Event "41st Pan-American U20"]
[Site "Guatape COL"]
[Date "2016.06.21"]
[Round "2.5"]
[White "Cofre Archibold, Nestor"]
[Black "Acosta, Pablo Ismael"]
[Result "1-0"]
[WhiteElo "2215"]
[BlackElo "2380"]
[EventDate "2016.06.20"]
[PlyCount "105"]

1.g3 c5 2.Bg2 g6 3.d3 Bg7 4.e4 Nc6 5.c3 d6 6.Be3 Nf6 7.h3 Rb8 8.Ne2 O-O 9.
O-O b6 10.f4 Bb7 11.g4 e6 12.Nd2 Ne8 13.Nf3 f5 14.Ng3 fxe4 15.dxe4 Nc7 16.
Qc2 d5 17.Rad1 Qe8 18.Bc1 d4 19.Rfe1 Ba6 20.g5 d3 21.Rxd3 Bxd3 22.Qxd3 Rd8
23.Qc2 Qd7 24.Bf1 e5 25.f5 Rfe8 26.Nh4 b5 27.a4 a6 28.axb5 axb5 29.fxg6 
hxg6 30.Nxg6 c4 31.Nh4 Bf8 32.Nh5 Bc5+ 33.Kh1 Rf8 34.Qg2 Ne8 35.Nf5 Rxf5 
36.exf5 Qxf5 37.Be2 Qf2 38.Qxf2 Bxf2 39.Rf1 Bc5 40.Bf3 Ne7 41.Be4 Nd6 42.
Bc2 Nd5 43.Nf6+ Nxf6 44.Rxf6 Ra8 45.Kg2 Ra2 46.h4 b4 47.cxb4 Bxb4 48.h5 e4
49.h6 Ra1 50.Bf4 Re1 51.Bxd6 Bxd6 52.Rxd6 Re2+ 53.Kg3 1-0

[Event "41st Pan-American U20"]
[Site "Guatape COL"]
[Date "2016.06.21"]
[Round "2.6"]
[White "Viswanadha, Kesav"]
[Black "Tapia, Alexei"]
[Result "1-0"]
[WhiteElo "2377"]
[BlackElo "2204"]
[EventDate "2016.06.20"]
[PlyCount "119"]

1.d4 Nf6 2.c4 e6 3.Nc3 d5 4.cxd5 exd5 5.Bg5 Be7 6.e3 Nbd7 7.Bd3 a6 8.Nge2 
b6 9.O-O O-O 10.Rc1 c5 11.dxc5 bxc5 12.Na4 Qa5 13.b3 h6 14.Bh4 Bb7 15.Bf5 
Bd6 16.Qc2 Qb4 17.Bg3 Be7 18.Rfd1 Bc6 19.Nac3 Rad8 20.Nf4 Qb7 21.Qe2 Nb6 
22.Qf1 Rfe8 23.Bd3 Ra8 24.Be2 Ne4 25.Nxe4 dxe4 26.Qe1 Bb5 27.a4 Bxe2 28.
Qxe2 Rad8 29.a5 Nc8 30.Qc4 Bf8 31.Nd5 Nd6 32.Bxd6 Bxd6 33.Nb6 Be7 34.g3 
Rd6 35.Rxd6 Bxd6 36.Rd1 Re6 37.Qd5 Qxd5 38.Rxd5 Kf8 39.Nd7+ Ke7 40.Nxc5 
Bxc5 41.Rxc5 Kd6 42.Rc8 Kd5 43.Rb8 Kc5 44.b4+ Kc4 45.Rb6 Re7 46.g4 h5 47.
gxh5 Re5 48.h6 gxh6 49.Rxa6 Kxb4 50.Rxh6 Kxa5 51.Rf6 Rg5+ 52.Kh1 Rg7 53.
Rf4 Kb5 54.Rxe4 Kc5 55.Rd4 Kc6 56.h4 f6 57.Kh2 Kc7 58.Kh3 Kc8 59.h5 Kc7 
60.Kh4 1-0

[Event "41st Pan-American U20"]
[Site "Guatape COL"]
[Date "2016.06.21"]
[Round "2.7"]
[White "Nieto Rodriguez, Alejandro"]
[Black "Ampie, Mauro"]
[Result "1/2-1/2"]
[WhiteElo "2203"]
[BlackElo "2373"]
[EventDate "2016.06.20"]
[PlyCount "84"]

1.d4 Nf6 2.Bf4 c5 3.e3 cxd4 4.exd4 e6 5.Nf3 b6 6.Bd3 Bb7 7.O-O Be7 8.Nbd2 
O-O 9.c3 d6 10.a4 a6 11.Qb3 Nbd7 12.c4 a5 13.Rac1 Rc8 14.Rfd1 Nb8 15.Bb1 
Na6 16.Qe3 Nb4 17.b3 Re8 18.h3 Bf8 19.Bg5 h6 20.Bf4 Bc6 21.Nf1 Qc7 22.Re1 
Qb7 23.N1h2 Nh5 24.g4 Nxf4 25.Qxf4 Be7 26.h4 e5 27.dxe5 dxe5 28.Rxe5 Bd6 
29.Rxe8+ Rxe8 30.Qxd6 Bxf3 31.Qf4 Bc6 32.Rd1 Qe7 33.h5 Qe2 34.Rf1 Nd3 35.
Qd6 Ne5 36.Qd1 Nf3+ 37.Nxf3 Qxf3 38.Qxf3 Bxf3 39.Bf5 Kf8 40.Kh2 Rd8 41.Re1
Re8 42.Rc1 Kg8 1/2-1/2

[Event "41st Pan-American U20"]
[Site "Guatape COL"]
[Date "2016.06.21"]
[Round "2.8"]
[White "Cuellar, Diego"]
[Black "Noboa, Kevin"]
[Result "1/2-1/2"]
[WhiteElo "2357"]
[BlackElo "2201"]
[EventDate "2016.06.20"]
[PlyCount "61"]

1.e4 e6 2.d4 d5 3.Nd2 c5 4.exd5 exd5 5.Ngf3 Nc6 6.Bb5 Bd6 7.O-O cxd4 8.Nb3
Ne7 9.h3 O-O 10.Nbxd4 h6 11.c3 Bc7 12.Be3 Qd6 13.Bd3 a6 14.Bc2 Re8 15.Re1 
Ng6 16.Qd3 Re4 17.Qd2 Re7 18.Qd3 Re4 19.Qd2 Re7 20.Rad1 Bd7 21.Qd3 Nxd4 
22.Qxd4 Bc6 23.c4 Ne5 24.Nxe5 Qxe5 25.Qxe5 Rxe5 26.c5 a5 27.Bd4 Rxe1+ 28.
Rxe1 Re8 29.Rd1 Be5 30.Bxe5 Rxe5 31.Kf1 1/2-1/2

[Event "41st Pan-American U20"]
[Site "Guatape COL"]
[Date "2016.06.21"]
[Round "2.9"]
[White "Filipps, Yamil"]
[Black "Cori Quispe, Kevin Joel"]
[Result "0-1"]
[WhiteElo "2164"]
[BlackElo "2353"]
[EventDate "2016.06.20"]
[PlyCount "90"]

1.d4 Nf6 2.Nf3 g6 3.Bf4 Bg7 4.e3 d6 5.h3 O-O 6.Be2 c5 7.c3 Qb6 8.Qc1 Nc6 
9.Nbd2 cxd4 10.exd4 Bf5 11.O-O Rac8 12.Nc4 Qc7 13.Re1 Rfe8 14.Qd1 Nd5 15.
Bh2 b5 16.Ne3 Nxe3 17.fxe3 b4 18.Rc1 Qa5 19.Bc4 d5 20.Bb3 bxc3 21.bxc3 Bh6
22.g4 Be6 23.Bf4 Bg7 24.Ng5 Bd7 25.Qf3 e6 26.Nxf7 Rf8 27.Nd6 g5 28.Nb7 Qb6
29.Nc5 Ne5 30.Qg3 gxf4 31.exf4 Rxc5 32.fxe5 Rcc8 33.Bc2 Be8 34.Qh4 Bg6 35.
Bxg6 hxg6 36.Qg5 Qd8 37.Qxg6 Qh4 38.Qxe6+ Kh8 39.Re2 Qg3+ 40.Kh1 Rxc3 41.
Rg1 Qh4 42.g5 Rff3 43.Rh2 Rxh3 44.Rxh3 Rxh3+ 45.Kg2 Rh2+ 0-1

[Event "41st Pan-American U20"]
[Site "Guatape COL"]
[Date "2016.06.21"]
[Round "2.10"]
[White "Campos Jimenez, Augusto Cesar"]
[Black "Rengifo Blancas, Renzo Jhonath"]
[Result "1-0"]
[WhiteElo "2337"]
[BlackElo "2140"]
[EventDate "2016.06.20"]
[PlyCount "139"]

1.e4 e5 2.Nf3 Nc6 3.Bb5 g6 4.O-O Nge7 5.c3 Bg7 6.d4 exd4 7.cxd4 d5 8.exd5 
Nxd5 9.Bg5 Qd6 10.Re1+ Be6 11.Nc3 O-O 12.Qd2 Rab8 13.a3 Nxc3 14.bxc3 Na5 
15.Rab1 Qd5 16.Be7 Rfc8 17.Bd3 Re8 18.Bg5 Nc4 19.Qf4 Nxa3 20.Ra1 Nc4 21.
Rxa7 Nd6 22.Raa1 f6 23.c4 Nxc4 24.Qxc7 Bf7 25.Rxe8+ Rxe8 26.Bf4 g5 27.Bg3 
Nb2 28.Bf1 h5 29.Qc3 Nc4 30.h3 b5 31.Ra7 Bf8 32.h4 g4 33.Nd2 Nxd2 34.Qxd2 
b4 35.Rc7 Qd8 36.Bd3 Re7 37.Rc1 Rd7 38.Bb1 Rxd4 39.Qc2 Bg7 40.Bc7 Qd7 41.
Bb6 Rc4 42.Qh7+ Kf8 43.Rxc4 Qd1+ 44.Kh2 Qd6+ 45.g3 Bxc4 46.Be3 Qe5 47.Bg6 
Bg8 48.Qxh5 f5 49.Qxf5+ Qxf5 50.Bxf5 b3 51.Bxg4 Bh7 52.Be6 b2 53.Ba2 Bc3 
54.g4 Kg7 55.f4 b1=Q 56.Bxb1 Bxb1 57.Kg3 Be1+ 58.Bf2 Bxf2+ 59.Kxf2 Bc2 60.
Kg3 Bd1 61.f5 Kh6 62.Kf4 Be2 63.g5+ Kh5 64.Ke5 Kxh4 65.f6 Bh5 66.Kf5 Bg4+ 
67.Kg6 Be6 68.Kh6 Kg4 69.g6 Kf5 70.f7 1-0

[Event "41st Pan-American U20"]
[Site "Guatape COL"]
[Date "2016.06.21"]
[Round "2.11"]
[White "Quinonez Garcia, Santiago"]
[Black "Escalante Ramirez, Brian Sebas"]
[Result "0-1"]
[WhiteElo "2125"]
[BlackElo "2300"]
[EventDate "2016.06.20"]
[PlyCount "102"]

1.e4 c5 2.Nf3 d6 3.d4 cxd4 4.Qxd4 Nc6 5.Bb5 a6 6.Bxc6+ bxc6 7.c4 e5 8.Qd3 
Nf6 9.Nc3 Be7 10.O-O Qc7 11.b3 O-O 12.Bb2 Nh5 13.Ne2 f5 14.c5 fxe4 15.Qxe4
Bf5 16.Qa4 Bd3 17.Rfe1 Nf4 18.Nxf4 Rxf4 19.b4 Be4 20.cxd6 Bxd6 21.Rxe4 
Rxe4 22.Qb3+ Kh8 23.Ng5 Rxb4 24.Nf7+ Kg8 25.Nh6+ Kh8 26.Nf7+ Kg8 27.Nh6+ 
Kf8 28.Qg8+ Ke7 29.Qxa8 gxh6 30.Ba3 Qb7 31.Qxb7+ Rxb7 32.Bc1 Bc5 33.Bxh6 
Bd4 34.Rc1 Kd6 35.Bf8+ Kd5 36.Ba3 Rb5 37.Rd1 Kc4 38.Rc1+ Kd3 39.Rxc6 Ra5 
40.Rh6 Ke2 41.Bc1 Bxf2+ 42.Kh1 Rxa2 43.g3 Ra1 44.Kg2 Rxc1 45.Rxa6 Rg1+ 46.
Kh3 e4 47.Kg4 Rd1 48.Kf4 e3 49.Ra2+ Kf1 50.Kf3 e2 51.Rxe2 Rd3+ 0-1

[Event "41st Pan-American U20"]
[Site "Guatape COL"]
[Date "2016.06.21"]
[Round "2.12"]
[White "Barros Rivadeneira, Cristhian"]
[Black "Heinechen, Juan"]
[Result "0-1"]
[WhiteElo "2283"]
[BlackElo "2080"]
[EventDate "2016.06.20"]
[PlyCount "90"]

1.c4 c5 2.Nc3 Nc6 3.g3 g6 4.Bg2 Bg7 5.Nf3 e6 6.O-O Nge7 7.a3 O-O 8.Rb1 d5 
9.d3 b6 10.Bd2 dxc4 11.dxc4 Na5 12.b3 Bb7 13.Qc1 Nf5 14.Rd1 Nd4 15.Nxd4 
cxd4 16.Bxb7 Nxb7 17.Bh6 Bxh6 18.Qxh6 e5 19.e3 dxc3 20.Rxd8 Raxd8 21.Rc1 
Rd3 22.b4 Rc8 23.c5 bxc5 24.Qh3 Nd6 25.b5 Rc7 26.Qh4 Kg7 27.Qd8 Rb7 28.a4 
e4 29.Kg2 f6 30.Qa5 Nc4 31.Qa6 Rbd7 32.a5 Ne5 33.b6 axb6 34.axb6 Rd2 35.
Qc8 Rb2 36.Qc7 Kh6 37.Rf1 c4 38.g4 g5 39.Kg3 c2 40.Rc1 Rd1 41.b7 Rxc1 42.
b8=Q Rxb8 43.Qxb8 Rg1+ 44.Kh3 Ng6 45.f4 exf3 0-1